Meilleurs clubs de chaque pays d'europe - Statistiques

Statistiques générales
  • Ce quiz a été pris 469 fois
  • Le résultat moyen est 8 sur 23
Statistiques - réponses
Pays Club % Correct
Allemagne Bayern Munich
95%
France Paris Saint Germain
89%
Angleterre Manchester City
86%
Espagne FC Barcelone
83%
Portugal Benfica Lisbonne
61%
Italie Naples
55%
Écosse Celtic Glasgow
45%
Autriche RB Salzburg
39%
Danemark Copenhague
33%
Pays bas Feyenoord
30%
Grece AEK Athènes
29%
Ukraine Chakhtar Donetsk
26%
Suisse Young Boys
25%
Russie Zénith Saint-Pétersbourg
21%
Belgique Antwerp
15%
Norvege Molde FK
8%
Bulgarie Ludogorets
7%
Irlande shamrock
3%
Pays de Galles The New saints
2%
Suède BK Häcken
1%
Finlande SJK
1%
Slovénie Olimpija Ljubljana
0%
Pologne Raków Czestochowa
0%
Aucun quiz correspondant
Distribution des résultats
% des personnes avec chaque résultat
Percentile par nombre de réponses
Votre historique - résultats
Vous n’avez pas pris ce quiz